000 00448nam a2200181 4500
001 5988
005 20230410103619.0
008 060907n1996 dr spa
020 _a9968977152
035 _9funglode6044
041 _aES
050 1 4 _a130 F 1439.5 D441 000000038531996
110 _aPNUD
245 1 3 _aEl desafío democrático /
_cPNUD
260 _a[s.l.] :
_b[s.n.],
_c1996
300 _axvi, 132 pag
942 _2lcc
_cbk
999 _c22443
_d22443